000 00366nam a2200145Ia 4500
008 231217s9999 xx 000 0 und d
020 _a932633250
041 _aEnglish
082 _a004.21 JAM;1 R
100 _aJames. Robertson, Suzanne.
245 0 _aComplete systems analysis
260 _c1994
_bDosset House
_aNew York
300 _axii+298
942 _cAA
999 _c182614
_d182614